Kapitálová štruktúra bankových subjektov v Slovenskej republike diplomová práca

Uložené v:
Podrobná bibliografia
Hlavný autor: Reťkovská, Katarína
Korporativný autor: Národohospodárska fakulta EU. Katedra financií
Ďalší autori: Mikócziová, Jana
Médium: Kniha
Jazyk:Slovak
Vydavateľské údaje: Bratislava 2009
Tagy: Pridať tag
Žiadne tagy, Buďte prvý, kto otaguje tento záznam!

MARC

LEADER 00000nam$a2200000$$$4500
001 0096820
005 20240318141359.3
041 0 |a slo 
044 |a SK 
245 1 0 |a Kapitálová štruktúra bankových subjektov v Slovenskej republike  |b diplomová práca  |c Katarína Reťkovská ; škol. Jana Mikócziová 
264 1 |a Bratislava  |c 2009 
300 |a 67 s. 
100 1 |a Reťkovská, Katarína 
700 1 |a Mikócziová, Jana 
710 2 |a Národohospodárska fakulta EU. Katedra financií